Central Library OPAC University of Rajshahi

হাজার বছরের পুরাণ বাঙ্গালা ভাষায় বৌদ্ধগান ও দোহা / (Record no. 53196)

MARC details
000 -LEADER
fixed length control field 01185nam a2200241 a 4500
001 - CONTROL NUMBER
control field 53196
003 - CONTROL NUMBER IDENTIFIER
rucl marc code BD-RjUL
005 - DATE AND TIME OF LATEST TRANSACTION
control field 20211209075926.0
008 - FIXED-LENGTH DATA ELEMENTS--GENERAL INFORMATION
fixed length control field 161004s1959 ii ||||| |||| 00| 0 ben d
035 ## - SYSTEM CONTROL NUMBER
System control number (BD-RjUL)53316
040 ## - CATALOGING SOURCE
Original cataloging agency BD-RjUL
Language of cataloging ben
Transcribing agency BD-RjUL
041 ## - LANGUAGE CODE
Language code of text/sound track or separate title ben
082 ## - DEWEY DECIMAL CLASSIFICATION NUMBER
Edition number 23
Classification number 891.4408
Author mark and year HAJ 1959
245 00 - TITLE STATEMENT
Title হাজার বছরের পুরাণ বাঙ্গালা ভাষায় বৌদ্ধগান ও দোহা /
250 ## - EDITION STATEMENT
Edition statement নূতন সং.
260 ## - PUBLICATION, DISTRIBUTION, ETC. (IMPRINT)
Place of publication, distribution, etc. কলিকাতা :
Name of publisher, distributor, etc. বঙ্গীয় -সাহিত্য-পরিষদ,
Date of publication, distribution, etc. ১৯৫৯ [১৩৬৬]
300 ## - PHYSICAL DESCRIPTION
Pagination ১৯৫ পৃ. ;
Size ২৫ সেমি.
500 ## - GENERAL NOTE
General note " চর্য্যাচর্য্যবিনিশ্চয়, সরোজবজ্রের দোহাকোষ, কাহ্নুপাদের দোহাকোষ ও ডাকার্ণব"
650 ## - SUBJECT ADDED ENTRY--TOPICAL TERM
Topical term or geographic name as entry element বাংলা সাহিত্য
General subdivision সংগ্রহ
9 (RLIN) 122902
Topical term or geographic name as entry element Bengali Literature
General subdivision Collected Work
9 (RLIN) 148350
700 ## - ADDED ENTRY--PERSONAL NAME
Personal name শাস্ত্রী, হরপ্রসাদ, সম্পাদক
942 ## - ADDED ENTRY ELEMENTS (KOHA)
Source of classification or shelving scheme Dewey Decimal Classification
Koha item type Books
Holdings
Lost status Source of classification or shelving scheme Damaged status Not for loan Collection code Permanent Location Current Location Shelving location Date acquired Source of acquisition Total Checkouts Full call number Date last seen Copy number Koha item type Cost, normal purchase price Total Renewals Date checked out
  Dewey Decimal Classification     Non-fiction Central Library, University of Rajshahi Central Library, University of Rajshahi   04/09/1973 Varotio High Comissioner, Rajshahi   B 891.4408 HAJ 1959 04/10/2016 C-2 Books      
  Dewey Decimal Classification     Non-fiction Central Library, University of Rajshahi Central Library, University of Rajshahi   10/10/1974 Jonathan waren and sons.   B 891.4408 HAJ 1959 23/11/2016 C-3 Books 10.00    
  Dewey Decimal Classification     Non-fiction Central Library, University of Rajshahi Central Library, University of Rajshahi   10/10/1974 Jonathan waren and sons. 3 B 891.4408 HAJ 1959 15/12/2021 C-4 Books 10.00   15/12/2021
  Dewey Decimal Classification   Not For Loan Non-fiction Central Library, University of Rajshahi Central Library, University of Rajshahi Reading Room 10/10/1974 Jonathan   B 891.4408 HAJ 1959 09/03/2021 C-1 Books 10.00